000 00319nam a22000977a 4500
100 _aआर्चर,जैफरी
_982250
245 _aकेन एंड एबल
260 _aदिल्‍ली
_bराजपाल एण्‍ड सन्‍स
_c2023
650 _aउपन्‍यास
942 _cHIN
999 _c66743
_d66743